000 00646nam a2200229Ia 4500
003 OSt
005 20220928151232.0
006 a|||||r|||| 00| 0
007 ta
008 220927b |||||||| |||| 00| 0 eng d
024 _a121155
037 _cTextual
040 _aSDCL
_cSDCL
_beng
041 _2eng
_aeng
082 _aO-,M:g, L9
100 _aGilbert Sandram
_9516497
245 0 _aMadwoman in the attic
_b The woman writer and the nineteenth-century literary imagination
260 _c1979
700 _a Gubar Susan
_9516498
942 _hO-,M:g, L9
_cTEXL
_2CC
999 _c850299
_d850299